Zákon o elektronických komunikáciách ZÁKON č. 452/2021 Z. z. o elektronických komunikáciách s komentárom

Zákon o elektronických komunikáciách a ich regulácia. Poskytovanie služieb, bezpečnosť a integrita verejných sietí a služieb. Ochrana súkromia a osobných údajov. Poskytovanie dotácií v odvetví elektronických komunikácií. Dohľad a sankcie.

Salvato in:
Dettagli Bibliografici
Autore principale: Strašnický, Štefan
Natura: Capitolo di libro
Lingua:slovacco
Soggetti:
Tags: Aggiungi Tag
Nessun Tag, puoi essere il primo ad aggiungerne!!

MARC

LEADER 00000naa a2200000 4500
001 0282150
005 20240417075155.9
041 0 |a slo 
044 |a SK 
245 1 0 |a Zákon o elektronických komunikáciách  |b ZÁKON č. 452/2021 Z. z. o elektronických komunikáciách s komentárom  |c Štefan Strašnický 
520 |a Zákon o elektronických komunikáciách a ich regulácia. Poskytovanie služieb, bezpečnosť a integrita verejných sietí a služieb. Ochrana súkromia a osobných údajov. Poskytovanie dotácií v odvetví elektronických komunikácií. Dohľad a sankcie. 
610 2 0 |a legislatíva 
610 2 0 |a dotácie 
610 2 0 |a dopyt 
610 2 0 |a úrady 
610 2 0 |a regulácia 
100 1 |a Strašnický, Štefan